|
|
|
|
| LEADER |
01156nam a22003252a 4500 |
| 001 |
001826855 |
| 003 |
CZ BrMZK |
| 005 |
20220614063218.0 |
| 007 |
ta |
| 008 |
220614s1970 xr a er|||||||||||cze d |
| 015 |
|
|
|a cnb000304590
|
| 040 |
|
|
|a ABA001
|b cze
|
| 080 |
|
|
|a 006.92
|2 MRF
|
| 080 |
|
|
|a 681.111/.118
|2 MRF
|
| 080 |
|
|
|a 681.11
|2 MRF
|
| 080 |
|
|
|a (084.11)
|2 MRF
|
| 100 |
1 |
|
|a Michálek, Pavel
|7 jx20100603023
|4 pht
|
| 245 |
1 |
0 |
|a Jak lidé měřili čas
|h [grafika] /
|c autor fotografií Pavel Michálek ; ilustrace J. Běhounek ; text E. Kotulová
|
| 260 |
|
|
|a Praha :
|b Panorama,
|c [1970?]
|
| 300 |
|
|
|a 15 obrazových listů :
|b barev. ;
|c 21 x 16 cm
|
| 650 |
0 |
7 |
|a měření času
|7 ph184822
|2 czenas
|
| 650 |
0 |
7 |
|a hodiny
|7 ph120772
|x dějiny
|2 czenas
|
| 650 |
0 |
7 |
|a hodinářství
|7 ph135453
|x dějiny
|2 czenas
|
| 655 |
|
7 |
|a obrazové publikace
|7 fd132947
|2 czenas
|
| 700 |
1 |
|
|a Běhounek, Jiří,
|d 1929-2005
|7 jk01011371
|4 ill
|
| 700 |
1 |
|
|a Kotulová, Eva,
|d 1940-
|7 jk01062214
|4 aut
|
| 910 |
|
|
|a BOA001
|b 2-1489.673
|
| 990 |
|
|
|a BK
|
| 991 |
|
|
|b 202206
|
| 996 |
6 |
|
|b 2610906246
|c 2-1489.673
|l MZK
|r Sklad / do 1 hodiny
|n 0
|p dar
|w 001891342
|u 000010
|a 1
|e BOA001
|j MZK50
|s P
|